La vita erotica dei superuomini /

In una New York luminosa e inquieta, un giornalista di origine italiana scrive reportage su quella che appare la fine di un'epoca. Gli ex-supereroi del pianeta, sono il bersaglio di una serie di clamorosi omicidi perpetrati da un gruppo di fanatici. Ma cosa significano gli ambigui e quasi sentimenta...

Whakaahuatanga katoa

I tiakina i:
Ngā taipitopito rārangi puna kōrero
Kaituhi matua: Mancassola, Marco (Author)
Hōputu: Pukapuka
Reo:Itāriana
I whakaputaina: Milano : Rizzoli, 2008
Rangatū:La scala
Ngā marau:
Ngā Tūtohu: Tāpirihia he Tūtohu
Kāore He Tūtohu, Me noho koe te mea tuatahi ki te tūtohu i tēnei pūkete!

MARC

LEADER 00000nam a22000007i 4500
001 IT\ICCU\UBO\3524008
003 ItRI
005 20260115232048.0
008 081114s2008 it |||||| ||||| |||||c
020 |a 9788817017053 
040 |b ita  |c importazione bologna sebina 
041 7 |a ita  |2 ISO-639-2 
082 |a 853.92  |9 NARRATIVA ITALIANA, 2000-  |2 21 
100 1 |a Mancassola, Marco  |0 IT\ICCU\RAVV\263456  |4 aut 
240 1 3 |a La vita erotica dei superuomini  |3 IT\ICCU\BCT\0006397  |9 Mancassola, Marco 
245 1 3 |a La vita erotica dei superuomini /  |c Marco Mancassola. 
260 |a Milano :  |b Rizzoli,  |c 2008 
300 |a 568 p. ;  |c 23 cm 
520 |a In una New York luminosa e inquieta, un giornalista di origine italiana scrive reportage su quella che appare la fine di un'epoca. Gli ex-supereroi del pianeta, sono il bersaglio di una serie di clamorosi omicidi perpetrati da un gruppo di fanatici. Ma cosa significano gli ambigui e quasi sentimentali biglietti d'addio ricevuti da alcuni di loro? Com'è possibile che Reed Richards, che ha combattuto mille epiche battaglie e che oggi conduce una dignitosa vita da scienziato, sprofondi ormai maturo in un'ossessione senza ritorno per una giovane astronauta con trentacinque anni di meno? Com'è possibile che Batman sia morto in circostanze scabrose nel pieno di un delirio feticistico? 
650 7 |a Letteratura narrativa italiana  |x Sec. 21.  |2 scbi 
830 3 |a La scala  |0 IT\ICCU\CFI\0000061 
942 |2 ddc  |c BK  |n 0 
952 |0 0  |1 0  |4 0  |6 DOC_853_920000000000000_MAN  |7 0  |9 19392  |a BO  |b BO  |d 2026-01-15  |i 12636  |l 0  |o DOC 853.92 MAN  |p BO12636  |r 2026-01-15 23:20:48  |w 2026-01-15  |x [Sebina 5] [1 v.]  |y BK  |z 1 v. 
999 |c 16512  |d 16512